Stochastic modelling and control /
Guardado en:
| Autor Principal: | |
|---|---|
| Otros Autores: | |
| Formato: | Libro |
| Idioma: | English |
| Publicado: |
London ; New York :
Chapman and Hall,
1985.
|
| Series: | Monographs on statistics and applied probability
|
| Materias: | |
| Etiquetas: |
Agregar Etiqueta
Sin Etiquetas, Sea el primero en etiquetar este registro!
|
| LEADER | 00839pam a2200253 a 4500 | ||
|---|---|---|---|
| 001 | MAT.inmabb004846 | ||
| 008 | 840824s1985####enk######b####001#0#eng## | ||
| 005 | 20130313172800.0 | ||
| 245 | 1 | 0 | |a Stochastic modelling and control / |c M. H. A. Davis, R. B. Vinter. |
| 260 | |a London ; |a New York : |b Chapman and Hall, |c 1985. | ||
| 300 | |a xii, 393 p. ; |c 23 cm. | ||
| 440 | 0 | |a Monographs on statistics and applied probability | |
| 504 | |a Incluye referencias bibliográficas e índices. | ||
| 510 | 4 | |a MR, |c 87f:93001 | |
| 020 | |a 0412162008 | ||
| 100 | 1 | |a Davis, M. H. A. | |
| 700 | 1 | |a Vinter, R. B. |q (Richard B.) | |
| 650 | 0 | |a Control theory. | |
| 650 | 0 | |a Discrete-time systems. | |
| 650 | 0 | |a Stochastic systems. | |
| 084 | |a 93-01 (93Exx) |2 msc2000 | ||
| 010 | |a 84019924 | ||
| 040 | |a DLC |c DLC |d DLC | ||
| 859 | |h 93 |i D261s |p A-6019 |b BIB. MATEMATICA | ||
